Online Catalogue and eLibrary

An Untimely Death : (Record no. 657)

MARC details
000 -LEADER
fixed length control field 00385nam a2200145Ia 4500
005 - DATE AND TIME OF LATEST TRANSACTION
control field 20240626053235.0
008 - FIXED-LENGTH DATA ELEMENTS--GENERAL INFORMATION
fixed length control field 240331s9999 xx 000 0 und d
082 ## - DDC Classification
Class No. 082
Item Number - Author Mark UNT
245 #3 - TITLE STATEMENT
Title An Untimely Death :
Remainder of title a commemoration of K.Kanthasamy
260 ## - PUBLICATION, DISTRIBUTION, ETC.
Place of publication, distribution, etc. Colombo
Name of publisher, distributor, etc. Kanthasamy Commemoration
Date of publication, distribution, etc. 1989
300 ## - PHYSICAL DESCRIPTION
Extent (e.g. Volumes, Pages etc.) 108 p .,
650 ## - SUBJECT ADDED ENTRY--TOPICAL TERM
Topical term or geographic name entry element company law
650 ## - SUBJECT ADDED ENTRY--TOPICAL TERM
Topical term or geographic name entry element human rights
942 ## - Koha item type (Biblio)
Koha item type Books in Stacks (Lending)
Holdings
Lost status Damaged status Collection code Home library Current library Shelving location Date acquired Full call number Accession Number Item type
    Lending WERC Library WERC Library Social Science Cupboard 03/31/2024 082 UNT 653 Books in Stacks (Lending)

© WERC Library